Visualizzazione normale
Vista MARC
- Beethoven Ludwig Van
di Personal Name
Records bibliografici associati: 1
001 - CONTROL NUMBER
- control field: 14905
003 - CONTROL NUMBER IDENTIFIER
- control field: IT-RoPau
005 - DATE AND TIME OF LATEST TRANSACTION
- control field: 20140226214230.0
008 - FIXED-LENGTH DATA ELEMENTS
- fixed length control field: 140226|| aca||aabn | a|a d
040 ## - CATALOGING SOURCE
- Original cataloging agency: IT-RoPau
- Transcribing agency: IT-RoPau
100 ## - HEADING--PERSONAL NAME
- Personal name: Beethoven Ludwig Van
- Dates associated with a name: Codice autore musica SPICS: 10721
- Relator term: Autore musica
- Name of part/section of a work: Ninth Symphony, Second Movement-Abridged - March From a Clockwork Orange-9 Sinf 4 mov-Abridged - Suicide Scherzo-9 Sinf 2 Mov-Abridged - Ninth Symphony, Four Movement-Abridged
670 ## - SOURCE DATA FOUND
- Source citation: Work cat.: (IT-RoPau)99562: AA.VV. 794, Clockwork Orange